Exclusion principle and quantum mechaniscs / (Record no. 116525)
[ view plain ]
| 000 -LEADER | |
|---|---|
| campo de control de longitud fija | 00449nam a2200157 4500 |
| 001 - NÚMERO DE CONTROL | |
| campo de control | 116525 |
| 003 - IDENTIFICADOR DE NÚMERO DE CONTROL | |
| campo de control | ES-MaACL |
| 005 - FECHA Y HORA DE LA ÚLTIMA TRANSACCIÓN | |
| campo de control | 20230906190724.0 |
| 007 - CAMPO FIJO DE DESCRIPCIÓN FÍSICA--INFORMACIÓN GENERAL | |
| campo de control de longitud fija | t| |
| 008 - DATOS DE LONGITUD FIJA--INFORMACIÓN GENERAL | |
| campo de control de longitud fija | 061121s1947 sz r ||||1| eng d |
| 100 1# - ENTRADA PRINCIPAL--NOMBRE DE PERSONA | |
| Nombre de persona | Pauli, Wolfgang. |
| 9 (RLIN) | 89653 |
| 245 10 - MENCIÓN DEL TÍTULO | |
| Título | Exclusion principle and quantum mechaniscs / |
| Mención de responsabilidad, etc. | by Wolfgang Pauli. |
| 260 ## - PUBLICACIÓN, DISTRIBUCIÓN, ETC. | |
| Lugar de publicación, distribución, etc. | Neuchatel : |
| Nombre del editor, distribuidor, etc. | Ed. du Griffon, |
| Fecha de publicación, distribución, etc. | 1947. |
| 300 ## - DESCRIPCIÓN FÍSICA | |
| Extensión | 51 p. ; |
| Dimensiones | 21 cm. |
| 852 ## - LOCALIZACIÓN | |
| Ubicación | ES-MaACL |
| Número de control de estantería | 1581-F-16 |
| Sublocalización o colección | R.24206 |
| Estatus retirado | Estado de pérdida | Estado de daño | No para préstamo | Colección | Biblioteca de origen | Biblioteca actual | Ubicación en estantería | Fecha de adquisición | Fuente de adquisición | Total de préstamos | Signatura topográfica completa | Código de barras | Visto por última vez | Precio de reemplazo | Tipo de ítem Koha |
|---|---|---|---|---|---|---|---|---|---|---|---|---|---|---|---|
| Colección de folletos | Biblioteca del Ateneo de Madrid | Biblioteca del Ateneo de Madrid | Depósito folletos | 17/01/2008 | 1581-F-16 | 1121507 | 23/02/2023 | 23/02/2023 | Folleto |
